| 000 | 00433nam a2200145Ia 4500 | ||
|---|---|---|---|
| 008 | 230917s9999||||xx |||||||||||||| ||und|| | ||
| 040 |
_e172671 _aMAIN |
||
| 041 | _aEnglish | ||
| 082 | _a891.432741 UV1K | ||
| 100 | _aउपाध्याय विश्वम्भरनाथ | ||
| 245 | 0 | _aकवि की नियति | |
| 260 |
_aअजमेर _bकृष्ण ब्रदर्स |
||
| 300 | _a163 p. | ||
| 942 | _cHN | ||
| 999 |
_c61903 _d61903 |
||